UBT Library

Fundamentals of nursing (Record no. 58321)

000 -LEADER
fixed length control field 00286nam a22001337a 4500
008 - FIXED-LENGTH DATA ELEMENTS--GENERAL INFORMATION
fixed length control field 221003b ||||| |||| 00| 0 eng d
041 ## - LANGUAGE CODE
Language code of text/sound track or separate title eng
080 ## - UNIVERSAL DECIMAL CLASSIFICATION NUMBER
Universal Decimal Classification number 610.73
082 ## - DEWEY DECIMAL CLASSIFICATION NUMBER
Classification number 610.73
100 ## - Rafti
Rafti 6
101 ## - Shkurtesa
Shkurtesa INF
245 ## - TITLE STATEMENT
Title Fundamentals of nursing
Statement of responsibility, etc Potter,P
942 ## - ADDED ENTRY ELEMENTS (KOHA)
Source of classification or shelving scheme
Item type Books
Holdings
Withdrawn status Lost status Source of classification or shelving scheme Damaged status Not for loan Collection code Permanent location Current location Date acquired Total Checkouts Full call number Barcode Date last seen Price effective from Koha item type
          Koleksioni i përgjithshem UBT - Lipjan UBT - Lipjan 10/03/2022   610.73 POT 002-80002866 10/03/2022 10/03/2022 Books
          Koleksioni i përgjithshem UBT - Lipjan UBT - Lipjan 10/03/2022   610.73 POT 002-80002867 10/03/2022 10/03/2022 Books
          Koleksioni i përgjithshem UBT - Lipjan UBT - Lipjan 10/03/2022   610.73 POT 002-80002868 10/03/2022 10/03/2022 Books
UBT Library © 2015-2024. All rights reserved University Education for Business and Technology